000 00573cam a22002052a 4500
001 006360
003 AR-FADEU
008 311216n1967####xxu####################dd
092 _a302.501 9
_bC641
100 _aClinard, Marshall B.
245 _aAnomia y conducta desviada
260 _aBuenos Aires
260 _bPaidós
260 _c1967
300 _a293 p. : tab
440 _aPsicología social y sociología
500 _aIncluye bibliografía
650 _aANOMIA; CONDUCTA DESVIADA; CONTROL SOCIAL; TOXICOMANIA; ALCOHOLISMO; PANDILLAJE
942 _cBDGR
999 _c12180
_d12180